000 00349cam a2200133u 4500
040 _cCarP
082 _a547 GAU 1964 A030 Or.
100 1 _aArnaud, Paul. [from old catalog]
245 1 0 _aCours de chimie organique.
260 _aParis,
_bGauthier-Villars,
_c1964.
300 _a327 p.
_billus.
_c24 cm.
650 0 _aChemistry, Organic.
942 _cFB
999 _c11534
_d11534